Information technology in business : (Record no. 344434)
[ view plain ]
| 000 -LEADER | |
|---|---|
| fixed length control field | 01486 a2200205 4500 |
| 020 ## - INTERNATIONAL STANDARD BOOK NUMBER | |
| International Standard Book Number | 0134849086 |
| 020 ## - INTERNATIONAL STANDARD BOOK NUMBER | |
| International Standard Book Number | 9780134849089 |
| 082 04 - DEWEY DECIMAL CLASSIFICATION NUMBER | |
| Classification number | 650.0285 |
| 090 ## - LOCALLY ASSIGNED LC-TYPE CALL NUMBER (OCLC); LOCAL CALL NUMBER (RLIN) | |
| -- | 1928 |
| -- | 1928 |
| 100 1# - MAIN ENTRY--PERSONAL NAME | |
| Personal name | Senn, James A. |
| 245 10 - TITLE STATEMENT | |
| Title | Information technology in business : |
| Remainder of title | principles, practices, and opportunities / |
| Statement of responsibility, etc. | James A. Senn. |
| 250 ## - EDITION STATEMENT | |
| Edition statement | Annotated ed. |
| 260 ## - PUBLICATION, DISTRIBUTION, ETC. | |
| Place of publication, distribution, etc. | [S.l.] : |
| Name of publisher, distributor, etc. | Prentice Hall College Div, |
| Date of publication, distribution, etc. | 1995. |
| 300 ## - PHYSICAL DESCRIPTION | |
| Extent | 16 p. ; |
| Dimensions | 26 cm. |
| 500 ## - GENERAL NOTE | |
| General note | Hardcover. |
| 520 ## - SUMMARY, ETC. | |
| Summary, etc. | Written by a highly regarded, internationally-known consultant and educator in business and information, this text examines the way IT is transforming the nature of business careers in the 1990s and beyond. Each chapter explores proven IT theories, frameworks, and principles concerning computers and communications networks - together with current on-the-job know-how drawn from the experiences of a wide variety of real-world businesses. The emphasis throughout is on the way information technology is used and applied for problem-solving, the new and emerging technologies as they are being implemented in real large and small organizations, applications to personal and professional practice, and the challenges and opportunities of IT in international business situations. |
| 856 40 - ELECTRONIC LOCATION AND ACCESS | |
| Materials specified | Amazon.com |
| Uniform Resource Identifier | <a href="http://www.amazon.com/exec/obidos/ASIN/0134849086/chopaconline-20">http://www.amazon.com/exec/obidos/ASIN/0134849086/chopaconline-20</a> |
| 856 40 - ELECTRONIC LOCATION AND ACCESS | |
| Materials specified | Amazon customer reviews |
| Uniform Resource Identifier | <a href="http://www.chopac.org/cgi-bin/tools/azrev.pl?q=0134849086">http://www.chopac.org/cgi-bin/tools/azrev.pl?q=0134849086</a> |
| 942 ## - ADDED ENTRY ELEMENTS (KOHA) | |
| Institution code [OBSOLETE] | NBS |
| Koha item type | Book |
| Call number prefix | 650.028521 SEN |
| Withdrawn status | Lost status | Damaged status | Not for loan | Permanent Location | Current Location | Date acquired | Total Checkouts | Full call number | Barcode | Date last seen | Price effective from | Koha item type | Source of classification or shelving scheme | Shelving location |
|---|---|---|---|---|---|---|---|---|---|---|---|---|---|---|
| Central Library (CL) | Central Library (CL) | 08/28/2013 | 650.028521 SEN | NBS957 | 08/28/2013 | 08/28/2013 | Book | |||||||
| Central Library (CL) | Central Library (CL) | 08/28/2013 | 650.028521 SEN | NBS959 | 08/28/2013 | 08/28/2013 | Book | |||||||
| Central Library (CL) | Central Library (CL) | 08/28/2013 | 650.028521 SEN | NBS958 | 08/28/2013 | 08/28/2013 | Book | |||||||
| Central Library (CL) | Central Library (CL) | 10/17/2019 | 650.028521SEN | NBS946 | 10/17/2019 | 10/17/2019 | Book | Business Communication |
